00472nam a2200181 a 450000100060000000300090000600800410001502000150005604000280007108200110009910000310011024500310014126000360017230000140020865000390022294200120026199900170027314810CO-ViMGA141112s2004 ck r 000 u spa d a9583005606 aCO-ViMGAbspacCO-ViMGA04aGRIce11 aGrimm, Jacob y Wilhelm91110aCenicienta y otros cuentos aBtá, cPanAméricana, c1999 a180.p.il.14aCUENTOS INFANTILES ALEMANES921504 2ddccBK c25298d25298